<?xml version="1.0" encoding="UTF-8"?>
<collection xmlns="http://www.loc.gov/MARC21/slim">
<record>
  <controlfield tag="001">119097</controlfield>
  <controlfield tag="005">20221025101338.0</controlfield>
  <datafield tag="037" ind1=" " ind2=" ">
    <subfield code="a">TAZ-TFM-2022-646</subfield>
  </datafield>
  <datafield tag="041" ind1=" " ind2=" ">
    <subfield code="a">spa</subfield>
  </datafield>
  <datafield tag="100" ind1="1" ind2=" ">
    <subfield code="a">Armañac Julián, Pablo</subfield>
  </datafield>
  <datafield tag="242" ind1="0" ind2="0">
    <subfield code="a">Additive Manufacturing of Parts and Adaptations in the Framework of the HUMAN TECHNOLOGY Project, for People with Disabilities</subfield>
  </datafield>
  <datafield tag="245" ind1="0" ind2="0">
    <subfield code="a">Fabricación Aditiva de Piezas y Adaptaciones en el Marco del Proyecto Human Technology, Para Personas con Discapacidad</subfield>
  </datafield>
  <datafield tag="260" ind1=" " ind2=" ">
    <subfield code="a">Zaragoza</subfield>
    <subfield code="b">Universidad de Zaragoza</subfield>
    <subfield code="c">2022</subfield>
  </datafield>
  <datafield tag="506" ind1=" " ind2=" ">
    <subfield code="a">by-nc-sa</subfield>
    <subfield code="b">Creative Commons</subfield>
    <subfield code="c">3.0</subfield>
    <subfield code="u">http://creativecommons.org/licenses/by-nc-sa/3.0/</subfield>
  </datafield>
  <datafield tag="520" ind1=" " ind2=" ">
    <subfield code="a">A lo largo de esta memoria, se desarrolla un proyecto de innovación docente, en el cual se detalla la implementación y uso de la fabricación aditiva en el entorno educativo. Es un proyecto cimentado en la metodología Aprendizaje-Servicio, bajo el marco de HUMAN TECHNOLOGY. Se trata de diseñar e imprimir en 3D diversas piezas y adaptaciones que sirvan o ayuden en la vida diaria a personas con alguna discapacidad o necesidades especiales. Se concretizan 5 actividades que se realizan en distintos módulos formativos, de distintos ciclos y niveles (desde FPB hasta Curso de Especialización), en 3 centros educativos distintos (IES Pablo Serrano, CPIFP Corona de Aragón y Centro San Valero). Los objetivos específicos del proyecto son tanto imprimir piezas en 3D que sirvan como adaptaciones, como el hecho de desplegar una red de impresoras 3D en los centros adscritos al proyecto, con un encapsulado aislante de calor, ruido y polvo y un sistema de monitorización en tiempo real, que permita tanto la comunicación directa con la impresora, como su manejo de forma online. Sin embargo, el objetivo general de este proyecto de innovación educativa es formar y familiarizar a los alumnos de FP en el uso y manejo de las tecnologías de fabricación aditiva, sector en auge y con potenciales aplicaciones tanto en la industria como en la vida real.&lt;br /></subfield>
  </datafield>
  <datafield tag="521" ind1=" " ind2=" ">
    <subfield code="a">Máster Universitario en Profesorado de Educación Secundaria Obligatoria, Bachillerato, Formación Profesional y Enseñanza de Idiomas, Artísticas y Deportivas</subfield>
  </datafield>
  <datafield tag="540" ind1=" " ind2=" ">
    <subfield code="a">Derechos regulados por licencia Creative Commons</subfield>
  </datafield>
  <datafield tag="700" ind1=" " ind2=" ">
    <subfield code="a">Acero Cacho, Raquel</subfield>
    <subfield code="e">dir.</subfield>
  </datafield>
  <datafield tag="710" ind1="2" ind2=" ">
    <subfield code="a">Universidad de Zaragoza</subfield>
    <subfield code="b">Ingeniería de Diseño y Fabricación</subfield>
    <subfield code="c">Ingeniería de los Procesos de Fabricación</subfield>
  </datafield>
  <datafield tag="856" ind1="0" ind2=" ">
    <subfield code="f">681830@unizar.es</subfield>
  </datafield>
  <datafield tag="856" ind1="4" ind2=" ">
    <subfield code="s">15809864</subfield>
    <subfield code="u">http://zaguan.unizar.es/record/119097/files/TAZ-TFM-2022-646_ANE.pdf</subfield>
    <subfield code="y">Anexos (spa)</subfield>
  </datafield>
  <datafield tag="856" ind1="4" ind2=" ">
    <subfield code="s">17352812</subfield>
    <subfield code="u">http://zaguan.unizar.es/record/119097/files/TAZ-TFM-2022-646.pdf</subfield>
    <subfield code="y">Memoria (spa)</subfield>
  </datafield>
  <datafield tag="909" ind1="C" ind2="O">
    <subfield code="o">oai:zaguan.unizar.es:119097</subfield>
    <subfield code="p">driver</subfield>
    <subfield code="p">trabajos-fin-master</subfield>
  </datafield>
  <datafield tag="950" ind1=" " ind2=" ">
    <subfield code="a"></subfield>
  </datafield>
  <datafield tag="980" ind1=" " ind2=" ">
    <subfield code="a">TAZ</subfield>
    <subfield code="b">TFM</subfield>
    <subfield code="c">FEDU</subfield>
  </datafield>
  <datafield tag="999" ind1=" " ind2=" ">
    <subfield code="a">20220701093613.CREATION_DATE</subfield>
  </datafield>
  <datafield tag="951" ind1=" " ind2=" ">
    <subfield code="a">deposita:2022-10-25</subfield>
  </datafield>
</record>
</collection>